| 000 | 01448nam a2200313 i 4500 | ||
|---|---|---|---|
| 001 | 179621 | ||
| 003 | ES-MaACL | ||
| 005 | 20250902090036.0 | ||
| 008 | 111226s2010 sp abd |||| | spa d | ||
| 020 | _a978-84-89318-19-9 | ||
| 080 | _a903(460.15)(063) | ||
| 080 | _a811.361'373.6(063) | ||
| 111 | 2 |
_aEncuentro sobre Prehistoria Vasca: presente y futuro ( _n1º. _d2009. _cEl Escorial) _9148850 |
|
| 245 | 1 | 0 |
_aEncuentro sobre Prehistoria Vasca: presente y futuro _b: actas : El Escorial, 9 de mayo de 2009 / _c[responsable de la edición, Íñigo López de Uralde Garmendia]. |
| 260 |
_aMadrid : _bDelegación en Corte de la R.S.B.A.P., _c[2010] |
||
| 300 |
_a175 p. : _bil., gráf., mapas ; _c21 cm. |
||
| 490 | 1 |
_aNuevos extractos ; _v1 |
|
| 505 | 8 |
_aContiene: 1ª ; _tLingüística. 2ª ; _tAntropogenética. 3ª ; _tArqueología |
|
| 546 | _aTexto en castellano; introducción en castellano y vasco. | ||
| 650 | 4 |
_aLengua vasca- _vCongresos y asambleas. _9148851 |
|
| 650 | 4 |
_aLengua vasca- _xEtimología. _9148852 |
|
| 651 | 4 |
_aPaís Vasco- _xHistoria- _yÉpoca prehistórica- _vCongresos y asambleas. _9148855 |
|
| 700 | 1 |
_aLópez de Uralde, Íñigo. _9145658 |
|
| 710 | 2 |
_aReal Sociedad Bascongada de los Amigos del País. _bDelegación en Corte _96371 |
|
| 830 | 0 |
_aNuevos extractos ; _v1 _9192009 |
|
| 852 |
_aES-MaACL _jA-11760 _9186518 _bR.146530 _cDEPO1 _dOlim: N-4765 |
||
| 942 |
_2udc _cMONOGRAFIA |
||
| 999 |
_c179621 _d179621 |
||